| 000 | 00790cam a2200265 a 4500 | ||
|---|---|---|---|
| 008 | |||
| 020 | _a027368356X (pbk.) | ||
| 049 | _aMAIN | ||
| 090 |
_aHG4026 _bWAT |
||
| 100 | 1 | _aWatson, Denzil. | |
| 245 | 1 | 0 |
_aCorporate finance : _bprinciples & practice / _cDenzil Watson and Antony Head. |
| 250 | _a3rd ed. | ||
| 260 |
_aLondon : _bPrentice Hall, _c2004. |
||
| 300 |
_axvi, 492 p. : _bill.(col) ; _c25 cm. |
||
| 500 | _aIncludes index. | ||
| 504 | _aIncluces bibliographical references. | ||
| 650 | 0 |
_aCorporations _xFinance. |
|
| 650 | 0 |
_aBusiness enterprises _xFinance. |
|
| 700 | 1 | _aHead, Antony. | |
| 907 |
_a.b10294727 _b19-02-15 _c13-04-11 |
||
| 003 | |||
| 005 | 20230123125231.0 | ||
| 040 | _cNUST | ||
| 942 |
_cBOOKS _kHG4026 _mWAT |
||
| 999 |
_c138024 _d138024 |
||